000 00843cab a2200229 4500
001 ABS46068
008 090401t1992 xxu||||| |||| 00| 0 eng d
035 _a(Sirsi) u56679
041 _aeng
100 _aSykes, S.G.
245 _aCash flow data structures and dynamic modelling
260 _c1992
350 _a0
490 _aJournal of Property Finance
_v2 (4) Spring 1992, 553-563(11)
520 _aLooks at the data structures for efficient dynamic cash flow modelling and illustrates the benefits with computations of rolled-up finance when undertaking a feasibility study or monitoring exercise. Tables. Further references.
650 _aDEVELOPMENT APPRAISAL
650 _aFEASIBILITY STUDIES
650 _aFINANCIAL MODELLING
690 _aPROPERTY-PROPERTY FINANCE AND INVESTMENT
942 _n0
948 _c04/03/1997
999 _c34593
_d34593